| 000 | 00722nam a2200217Ia 4500 | ||
|---|---|---|---|
| 003 | GCL | ||
| 008 | 140319s9999 xx 000 0 ara d | ||
| 020 | _a9627235977 | ||
| 040 |
_aGCL / _cGCL |
||
| 082 | 0 | 4 |
_a832 _bف ب |
| 100 | 1 |
_aمصطفى ماهر _vAnnotator _@ _٠عÙÙ |
|
| 245 | 1 | 0 |
_aبيدرمن ومشعلو الحرائق / _cمصطفى ماهر |
| 700 | 1 | _aفريش، ماكس | |
| 260 |
_aالقاهرة : _bالمجلس الاعلى للثقافة ، _c1997 |
||
| 300 |
_a128 ص ؛ _c24 سم |
||
| 490 |
_aالمشروع القومى للترجمة _v0 |
||
| 650 | 0 | 4 | _aالادب |
| 650 | 0 | 4 | _aالادب الالمانى |
| 650 | 0 | 4 | _aالمسرحيات الالمانية |
| 942 |
_2ddc _cBK |
||
| 999 |
_c50097 _d50097 |
||